[Event "POL-chT U19 2nd League"]
[Site "Lublin"]
[Date "2007.07.09"]
[Round "4"]
[White "Szybka, Andrzej"]
[Black "Rant, Marcin"]
[Result "0-1"]
[WhiteElo "1934"]
[BlackElo "1795"]
[PlyCount "92"]
[EventDate "2007.07.07"]
[EventType "team-swiss"]
[EventRounds "11"]
[EventCountry "POL"]
[SourceTitle "EXT 2010"]
[Source "ChessBase"]
[SourceDate "2010.11.25"]
[SourceVersion "1"]
[SourceVersionDate "2010.11.25"]
[SourceQuality "1"]
[WhiteTeam "Ligota Dolna LZS Pat U19"]
[BlackTeam "Suwalki UMKS Jacwiez U19"]
[WhiteTeamCountry "POL"]
[BlackTeamCountry "POL"]

1. e4 c5 2. Nf3 Nc6 3. d4 cxd4 4. Nxd4 d6 5. Nc3 Nf6 6. Bg5 e6 7. f4 Be7 8. Nb3 a6 9. a4 b6 10. Bd3 Bb7 11. Qf3 Nb4 12. 0-0-0 Qc7 13. Rhe1 h6 14. Bh4 Rc8 15. Kb1 Nxd3 16. cxd3 Nxe4 17. Nxe4 Bxe4 18. dxe4 Bxh4 19. Rc1 Qd7 20. Rxc8+ Qxc8 21. Rc1 Qd7 22. Qg4 Bf6 23. e5 dxe5 24. fxe5 Bxe5 25. Qe4 Bb8 26. Qb4 Bd6 27. Qxb6 0-0 28. Rd1 Bc7 29. Rxd7 Bxb6 30. a5 Bg1 31. h3 Rb8 32. Ka2 Ra8 33. Ka3 e5 34. Nd2 Re8 35. Ne4 f5 36. Nc3 e4 37. b4 e3 38. Ne2 Bh2 39. g3 g5 40. Rd6 f4 41. gxf4 gxf4 42. Rg6+ Kh7 43. Rg2 Bg3 44. Ka4 Re4 45. Kb3 Bf2 46. Rg4 f3 0-1

[Event "POL-chT U19 2nd League"]
[Site "Lublin"]
[Date "2007.07.08"]
[Round "2"]
[White "Swiech, Przemyslaw"]
[Black "Szybka, Andrzej"]
[Result "0-1"]
[WhiteElo "1968"]
[BlackElo "1934"]
[PlyCount "86"]
[EventDate "2007.07.07"]
[EventType "team-swiss"]
[EventRounds "11"]
[EventCountry "POL"]
[SourceTitle "EXT 2010"]
[Source "ChessBase"]
[SourceDate "2010.11.25"]
[SourceVersion "1"]
[SourceVersionDate "2010.11.25"]
[SourceQuality "1"]
[WhiteTeam "Wieliczka MKS MOS U19"]
[BlackTeam "Ligota Dolna LZS Pat U19"]
[WhiteTeamCountry "POL"]
[BlackTeamCountry "POL"]

1. d4 e6 2. c4 d5 3. Nc3 Nf6 4. Bg5 Nbd7 5. e3 c6 6. cxd5 exd5 7. Bd3 Be7 8. Nge2 Ne4 9. Bxe7 Qxe7 10. 0-0 0-0 11. Rc1 f5 12. Bb1 Rf6 13. Qd3 Rh6 14. f3 Nd6 15. b3 Qh4 16. h3 Nf6 17. Qd2 Nh5 18. Qe1 Qg5 19. Qf2 Bd7 20. h4 Qe7 21. g3 Re8 22. Nd1 g5 23. hxg5 Qxg5 24. Qg2 Rg6 25. Kf2 Rg7 26. Rh1 f4 27. Nxf4 Nxf4 28. exf4 Qf6 29. Kf1 Qxd4 30. Qf2 Qf6 31. Ne3 Rge7 32. Ng4 Bxg4 33. fxg4 Ne4 34. Bxe4 Rxe4 35. Rc2 Qe6 36. Kg2 Qxg4 37. Rh4 Qd1 38. Rd2 Qxd2 39. Qxd2 Re2+ 40. Qxe2 Rxe2+ 41. Kf3 Rxa2 42. f5 Rb2 43. Kf4 Rxb3 0-1

[Event "POL-ch U16"]
[Site "Leba"]
[Date "2007.03.29"]
[Round "8"]
[White "Szybka, Andrzej"]
[Black "Kowalczyk, Pawel"]
[Result "1/2-1/2"]
[WhiteElo "1918"]
[BlackElo "1976"]
[PlyCount "92"]
[EventDate "2007.03.24"]
[EventType "swiss"]
[EventRounds "11"]
[EventCountry "POL"]
[SourceTitle "EXT 2011"]
[Source "ChessBase"]
[SourceDate "2010.11.26"]
[SourceVersion "1"]
[SourceVersionDate "2010.11.26"]
[SourceQuality "1"]

1. e4 e6 2. d4 d5 3. Nc3 Bb4 4. e5 c5 5. a3 cxd4 6. Qxd4 Nc6 7. Bb5 Bxc3+ 8. Qxc3 Nge7 9. Nf3 Bd7 10. Bd3 Ng6 11. Bxg6 hxg6 12. Bf4 Qa5 13. Qxa5 Nxa5 14. Nd4 Rc8 15. b3 Rh4 16. g3 Rh5 17. h4 f6 18. g4 Rh7 19. Kd2 Kf7 20. Rae1 a6 21. Bg3 Nc6 22. Nxc6 bxc6 23. b4 Rhh8 24. f4 c5 25. c3 cxb4 26. axb4 Rc4 27. Rhf1 Rhc8 28. Rf3 d4 29. Rc1 dxc3+ 30. Rfxc3 Rd4+ 31. Ke3 Rxc3+ 32. Rxc3 Rxb4 33. exf6 Kxf6 34. Ra3 Bb5 35. Be1 Rc4 36. Bc3+ Kf7 37. g5 Rc8 38. Be5 Ke7 39. Bxg7 Kd6 40. Be5+ Kc5 41. h5 gxh5 42. g6 Rg8 43. g7 Kc6 44. Ra2 Kd7 45. Rh2 Ke7 46. Rxh5 Kf7 1/2-1/2